Περιβαλλοντική εκπαίδευση και αγωγή : το θεωρητικό πλαίσιο των επιλογών

Αποθηκεύτηκε σε:
Λεπτομέρειες βιβλιογραφικής εγγραφής
Κύριος συγγραφέας: Ράπτης, Νίκος Ι.
Μορφή: Βιβλίο
Γλώσσα:Greek
Δημοσίευση: Αθήνα : Τυπωθήτω, 2000.
Σειρά:Περιβάλλον και κοινωνικές επιστήμες (Τυπωθήτω) ; 5
Θέματα:
Ετικέτες: Προσθήκη ετικέτας
Δεν υπάρχουν, Καταχωρήστε ετικέτα πρώτοι!

MARC

LEADER 00000cam a2200000 i 4500
001 1/21205
008 010917s2000 gr | ||| |||| ||gre||
020 |a 9608041236 
035 |l 10067255 
040 |a GR-MY-UA  |b gre  |e aacr 
041 0 |a gre 
082 7 |a 372.357   |2 (22) 
100 1 |a Ράπτης, Νίκος Ι. 
245 1 0 |a Περιβαλλοντική εκπαίδευση και αγωγή :   |b το θεωρητικό πλαίσιο των επιλογών /   |c Νίκος Ράπτης ; πρόλογος: Κώστας Μαν. Σοφούλης.  
260 |a Αθήνα :   |b Τυπωθήτω,   |c 2000.  
300 |a 231 σ. ;   |c 21 εκ.  
490 1 |a (Περιβάλλον και κοινωνικές επιστήμες / Τυπωθήτω ;   |v  5)  
504 |a Βιβλιογραφία : σ. 219-231.  
650 0 0 |a Environmental education. 
830 0 |a Περιβάλλον και κοινωνικές επιστήμες (Τυπωθήτω)  |v ; 5 
852 |a INST  |b LESVOS  |e 20010917  |h 372.357 ΡΑΠ  |p 005100027095  |q 005100027095  |t BK  |y 0 
852 |a INST  |b RHODES  |e 20030207  |h 372.357 ΡΑΠ  |p 005400015777  |q 005400015777  |t BK  |y 0 
901 |a BIBL1-2001-2 
901 |a BIBL4-2003-1 
909 |a Λ  |b 088142 
909 |a Ρ  |b 101679 
970 |a Καμάτσου  |b Δέσποινα  |z 2001/09/17